Directory of India companies in Singapore 2013.
| Format: | Book |
|---|---|
| Published: |
Singapore:
Singapore Indian Chamber of Commerce & Industry,
2013.
|
| Subjects: |
| LEADER | 00436cam a2200121 7i4500 | ||
|---|---|---|---|
| 001 | 0000031830 | ||
| 005 | 20141016090000.0 | ||
| 090 | 0 | 0 | |a SING 338.7025 |b DIR |
| 245 | 0 | 0 | |a Directory of India companies in Singapore 2013. |
| 260 | 0 | 0 | |a Singapore: |b Singapore Indian Chamber of Commerce & Industry, |c 2013. |
| 300 | # | # | |a 233 p. |
| 650 | 0 | 0 | |a India -- |x Business -- |x Directories -- |z Singapore |
| 999 | |a 0000034235 |b Directories |c Countries |e Business Information Centre | ||